000 00528nam a2200181Ia 4500
008 100920s9999 xx 000 0 und d
082 _b642
_a891.463.1 थ 71
100 _aपै शिरीष.
245 _aहृदयरंग.
260 _bनीलकंठ प्रकाशन, पुणे.
_c1971
300 _a149
_bसाधी
365 _b7
520 _aलघुकथा.
630 _aहृदयरंग.
650 _aलघुकथा.
730 _aहृदयरंग.
942 _cBOOK
999 _c671593
_d671590